[Event "SVK-chT2B 2425"]
[Site "Slovakia"]
[Date "2024.12.01"]
[Round "4.5"]
[White "Varga, Milan2"]
[Black "Vitek, Matej"]
[Result "0-1"]
[WhiteElo "1842"]
[BlackElo "1974"]
[PlyCount "140"]
[EventDate "2024.11.09"]
[EventType "team-tourn"]
[EventRounds "11"]
[EventCountry "SVK"]
[SourceTitle "CB51_2024"]
[SourceDate "2024.12.18"]
[SourceVersion "1"]
[SourceVersionDate "2024.12.18"]
[SourceQuality "1"]
[WhiteTeam "Topolcianky"]
[BlackTeam "Nove Zamky"]
[WhiteTeamCountry "SVK"]
[BlackTeamCountry "SVK"]

1. e4 e6 2. d4 d5 3. exd5 exd5 4. Nf3 Bd6 5. c4 c6 6. Nc3 Ne7 7. c5 Bc7 8. Bg5 f6 9. Bd2 b6 10. b4 a5 11. a3 0-0 12. h3 Re8 13. Be2 Ba6 14. 0-0 Bxe2 15. Qxe2 Ng6 16. Qd3 b5 17. Qf5 Qd7 18. Qd3 Na6 19. Ne2 Qe7 20. Ng3 Bxg3 21. fxg3 a4 22. Rae1 Qd7 23. Nh2 Rxe1 24. Bxe1 Re8 25. Ng4 Qe6 26. Bd2 Qe2 27. Qxe2 Rxe2 28. Rf2 Re4 29. Bc3 Nc7 30. Rf3 h5 31. Ne3 Ne7 32. Kf2 Ne6 33. Nc2 Ng5 34. Re3 Nf5 35. Rd3 Re8 36. Be1 Ne4+ 37. Kf1 g5 38. g4 hxg4 39. hxg4 Nh6 40. Ne3 Kf7 41. Ke2 Kg6 42. Kf3 Rf8 43. Ke2 Re8 44. Kd1 Rh8 45. Kc2 Ng8 46. Nf1 Rh1 47. Rf3 Rg1 48. Kd1 Rxg2 49. Ne3 Ra2 50. Nf5 Rg2 51. Rh3 Rxg4 52. Nd6 Rf4 53. Re3 Ne7 54. Rh3 Nf5 55. Nc8 g4 56. Rh8 Kg7 57. Rd8 Nxd4 58. Nd6 Nf2+ 59. Bxf2 Rxf2 60. Rd7+ Kg6 61. Rd8 f5 62. Rg8+ Kh7 63. Rg5 Rf3 64. Nf7 Rxa3 65. Ne5 Kh6 66. Rg8 g3 67. Nd7 g2 68. Kd2 g1Q 69. Rh8+ Kg7 70. Rh7+ Kxh7 0-1

[Event "SVK-chT2B 2223"]
[Site "Slovakia"]
[Date "2023.03.26"]
[Round "11.3"]
[White "Vitek, Matej"]
[Black "Hlinka, Miroslav"]
[Result "1-0"]
[WhiteElo "1893"]
[BlackElo "1991"]
[PlyCount "63"]
[EventDate "2022.10.08"]
[EventType "team-tourn"]
[EventRounds "11"]
[EventCountry "SVK"]
[SourceTitle "EXT 2024"]
[Source "ChessBase"]
[SourceDate "2023.10.10"]
[SourceVersion "1"]
[SourceVersionDate "2023.10.10"]
[SourceQuality "1"]
[WhiteTeam "Surany"]
[BlackTeam "Nemsova Horne Srnie"]
[WhiteTeamCountry "SVK"]
[BlackTeamCountry "SVK"]

1. d4 Nf6 2. Nf3 e6 3. e3 b6 4. Bd3 Bb7 5. Nbd2 d5 6. b3 Nbd7 7. Bb2 c5 8. 0-0 Ne4 9. Ne5 Nxd2 10. Qxd2 Rc8 11. Bb5 Rc7 12. Nxd7 Rxd7 13. Rad1 Bd6 14. e4 cxd4 15. exd5 Bxd5 16. Bxd7+ Qxd7 17. Qxd4 f6 18. c4 Be5 19. Qd2 Bc6 20. Qxd7+ Bxd7 21. Bxe5 fxe5 22. Rfe1 h5 23. Rxe5 Rh6 24. h4 Kf7 25. Rg5 Rh7 26. c5 Bc6 27. f3 Kf6 28. Rd6 Be8 29. cxb6 axb6 30. Rxb6 g6 31. a4 Re7 32. a5 1-0

[Event "SVK-chT2B 2223"]
[Site "Slovakia"]
[Date "2022.11.13"]
[Round "4.6"]
[White "Vitek, Matej"]
[Black "Mizicka, Matus"]
[Result "1/2-1/2"]
[WhiteElo "1897"]
[BlackElo "1979"]
[PlyCount "127"]
[EventDate "2022.10.08"]
[EventType "team-tourn"]
[EventRounds "11"]
[EventCountry "SVK"]
[SourceTitle "EXT 2024"]
[Source "ChessBase"]
[SourceDate "2023.10.10"]
[SourceVersion "1"]
[SourceVersionDate "2023.10.10"]
[SourceQuality "1"]
[WhiteTeam "Surany"]
[BlackTeam "Tlmace"]
[WhiteTeamCountry "SVK"]
[BlackTeamCountry "SVK"]

1. d4 Nf6 2. Nf3 b6 3. c4 Bb7 4. Nc3 g6 5. Qc2 Bg7 6. Bg5 0-0 7. e3 d6 8. Be2 Nbd7 9. 0-0 Re8 10. Rfd1 e5 11. b4 h6 12. Bxf6 Bxf6 13. Rac1 exd4 14. Nxd4 Bxd4 15. Rxd4 Ne5 16. Rcd1 Nc6 17. Rg4 Ne5 18. Rgd4 a5 19. b5 Rc8 20. Nd5 Bxd5 21. cxd5 f5 22. h4 Qf6 23. Rf4 Rf8 24. e4 Qe7 25. exf5 g5 26. f6 Rxf6 27. Rxf6 Qxf6 28. hxg5 hxg5 29. Bd3 Rf8 30. Bh7+ Kh8 31. Be4 Rf7 32. Rb1 Qh6 33. Bf5 g4 34. Rb3 Qf4 35. Be4 Nd7 36. Qc3+ Kg8 37. Qe3 Nc5 38. Bg6 Rf8 39. Rc3 Qxe3 40. Rxe3 Kg7 41. Bh5 Rf5 42. Bxg4 Rxd5 43. Re7+ Kf6 44. Rxc7 Ke5 45. Rc6 Na4 46. Rc4 Rd4 47. Be2 Rxc4 48. Bxc4 Kd4 49. Bb3 Nc3 50. g4 Ke5 51. Kg2 Kf4 52. f3 Nxb5 53. Kf2 Nd4 54. Bd5 b5 55. g5 Kxg5 56. Ke3 Nc2+ 57. Ke4 Nb4 58. Bb3 Kf6 59. a3 Na6 60. Kd5 Nc5 61. Bc2 Ke7 62. f4 b4 63. axb4 axb4 64. Kc4 1/2-1/2

[Event "SVK-chT2B 2122"]
[Site "Slovakia"]
[Date "2022.03.26"]
[Round "8.5"]
[White "Zernovic, Michal"]
[Black "Vitek, Matej"]
[Result "1/2-1/2"]
[WhiteElo "1853"]
[BlackElo "1890"]
[PlyCount "46"]
[EventDate "2021.10.16"]
[EventType "team-tourn"]
[EventRounds "11"]
[EventCountry "SVK"]
[SourceTitle "EXT 2023"]
[Source "ChessBase"]
[SourceDate "2022.10.05"]
[SourceVersion "1"]
[SourceVersionDate "2022.10.05"]
[SourceQuality "1"]
[WhiteTeam "Povazske Podhradie"]
[BlackTeam "Surany"]
[WhiteTeamCountry "SVK"]
[BlackTeamCountry "SVK"]

1. e4 e6 2. f4 d5 3. e5 c5 4. c3 Nc6 5. Nf3 Nh6 6. Na3 Bd7 7. Nc2 Rc8 8. d4 cxd4 9. Ncxd4 Bc5 10. Be3 Qb6 11. b4 Nxd4 12. Nxd4 Bxd4 13. Bxd4 Qc7 14. Bd3 b6 15. 0-0 Nf5 16. Bxf5 exf5 17. a4 0-0 18. Qh5 Qc6 19. Rf3 Qg6 20. Qh4 Qe6 21. Rg3 Rfe8 22. Qg5 Qg6 23. Qh4 Qe6 1/2-1/2

[Event "SVK-chT2B 2122"]
[Site "Slovakia"]
[Date "2022.03.06"]
[Round "6.5"]
[White "Joba, Arpad"]
[Black "Vitek, Matej"]
[Result "1-0"]
[WhiteElo "2070"]
[BlackElo "1890"]
[PlyCount "73"]
[EventDate "2021.10.16"]
[EventType "team-tourn"]
[EventRounds "11"]
[EventCountry "SVK"]
[SourceTitle "EXT 2023"]
[Source "ChessBase"]
[SourceDate "2022.10.05"]
[SourceVersion "1"]
[SourceVersionDate "2022.10.05"]
[SourceQuality "1"]
[WhiteTeam "Komarno II"]
[BlackTeam "Surany"]
[WhiteTeamCountry "SVK"]
[BlackTeamCountry "SVK"]

1. Nf3 d5 2. d4 Nf6 3. Bf4 e6 4. e3 Bd6 5. Bd3 b6 6. c3 0-0 7. Qe2 Bb7 8. Nbd2 c5 9. Bxd6 Qxd6 10. Ne5 Nbd7 11. f4 Ne4 12. 0-0 f6 13. Bxe4 dxe4 14. Nxd7 Qxd7 15. Rfd1 Qe7 16. dxc5 Qxc5 17. Nb3 Qe7 18. Rd2 Rad8 19. Rad1 Rxd2 20. Rxd2 Rd8 21. Rxd8+ Qxd8 22. Nd4 Qd7 23. Qb5 Qxb5 24. Nxb5 a6 25. Nd6 Bc6 26. Nc8 Bd5 27. Nxb6 Bxa2 28. Nd7 Bd5 29. b4 f5 30. Kf2 Bc6 31. Nc5 Bb5 32. Nxe6 g6 33. Nd4 Kf7 34. h4 h5 35. Ke1 Ke7 36. Nxb5 axb5 37. Kd2 1-0

[Event "SVK-chT2B 1920"]
[Site "Slovakia"]
[Date "2020.03.07"]
[Round "10.6"]
[White "Mellen, Milan"]
[Black "Vitek, Matej"]
[Result "1/2-1/2"]
[WhiteElo "1924"]
[BlackElo "1893"]
[PlyCount "54"]
[EventDate "2019.10.26"]
[EventType "team-tourn"]
[EventRounds "11"]
[EventCountry "SVK"]
[SourceTitle "CBM 195 Extra"]
[Source "ChessBase"]
[SourceDate "2020.05.31"]
[SourceVersion "1"]
[SourceVersionDate "2020.05.31"]
[SourceQuality "1"]
[WhiteTeam "Nove Zamky"]
[BlackTeam "Surany"]
[WhiteTeamCountry "SVK"]
[BlackTeamCountry "SVK"]

1. e4 e6 2. d4 d5 3. Nc3 Bb4 4. e5 Ne7 5. a3 Bxc3+ 6. bxc3 c5 7. Qg4 Nf5 8. Bd3 h5 9. Qf4 Qh4 10. Qd2 cxd4 11. Nf3 Qg4 12. 0-0 dxc3 13. Qxc3 Nc6 14. h3 Qa4 15. Bxf5 exf5 16. Qc5 Qa5 17. Qd6 Qd8 18. Qc5 Be6 19. Bg5 Qd7 20. a4 Rc8 21. Qa3 Na5 22. Qe3 b6 23. Nd4 Nc4 24. Qe2 a6 25. Rfe1 Qc7 26. Bf4 Qe7 27. Nf3 Qc7 1/2-1/2

[Event "SVK-chT2B 1819"]
[Site "Slovakia"]
[Date "2019.04.06"]
[Round "10.4"]
[White "Vitek, Matej"]
[Black "Foldesi, Marek"]
[Result "1/2-1/2"]
[WhiteElo "1919"]
[BlackElo "1943"]
[PlyCount "43"]
[EventDate "2018.10.13"]
[EventType "team-tourn"]
[EventRounds "11"]
[EventCountry "SVK"]
[SourceTitle "EXT 2020"]
[Source "ChessBase"]
[SourceDate "2019.10.17"]
[SourceVersion "1"]
[SourceVersionDate "2019.10.17"]
[SourceQuality "1"]
[WhiteTeam "Surany"]
[BlackTeam "Levice"]
[WhiteTeamCountry "SVK"]
[BlackTeamCountry "SVK"]

1. d4 d5 2. Nf3 Nf6 3. e3 c5 4. b3 Nc6 5. Bd3 Bg4 6. Bb2 cxd4 7. exd4 e6 8. 0-0 Bd6 9. Nbd2 0-0 10. a3 Rc8 11. Qe1 Bb8 12. Ne5 Bf5 13. Bxf5 exf5 14. Rc1 Re8 15. f4 Ne4 16. Qd1 f6 17. Nd3 Qd6 18. Nf3 a6 19. g3 Ba7 20. b4 Nb8 21. Re1 Nd7 22. Nc5 1/2-1/2

[Event "SVK-chT2B 1819"]
[Site "Slovakia"]
[Date "2019.03.03"]
[Round "9.4"]
[White "Vitek, Matej"]
[Black "Kijac, Miroslav"]
[Result "0-1"]
[WhiteElo "1914"]
[BlackElo "2105"]
[PlyCount "82"]
[EventDate "2018.10.13"]
[EventType "team-tourn"]
[EventRounds "11"]
[EventCountry "SVK"]
[SourceTitle "CBM 189 Extra"]
[Source "ChessBase"]
[SourceDate "2019.05.31"]
[SourceVersion "1"]
[SourceVersionDate "2019.05.31"]
[SourceQuality "1"]
[WhiteTeam "Surany"]
[BlackTeam "Trencin"]
[WhiteTeamCountry "SVK"]
[BlackTeamCountry "SVK"]

1. d4 Nf6 2. Nf3 d5 3. e3 c6 4. Bd3 Bg4 5. h3 Bh5 6. Nbd2 Bg6 7. b3 e6 8. Bb2 Nbd7 9. 0-0 Bd6 10. Ne5 Bxd3 11. cxd3 c5 12. Nxd7 Qxd7 13. dxc5 Bxc5 14. Bxf6 gxf6 15. Qf3 Ke7 16. e4 Bb4 17. Rad1 Rad8 18. d4 Bxd2 19. Rxd2 dxe4 20. Qxe4 Qd5 21. Qf4 Rc8 22. Re1 Rhg8 23. g3 Qg5 24. Qxg5 Rxg5 25. d5 Rd8 26. Re4 Rgxd5 27. Rxd5 Rxd5 28. Ra4 a6 29. Rb4 b5 30. Kf1 Rh5 31. h4 Rc5 32. Ke1 f5 33. Kd2 e5 34. a4 a5 35. Rxb5 Rxb5 36. axb5 Kd6 37. Kc3 Kc5 38. b6 Kxb6 39. Kc4 h5 40. b4 a4 41. b5 a3 0-1

[Event "SVK-chT2B 1617"]
[Site "Slovakia"]
[Date "2017.01.21"]
[Round "7.3"]
[White "Balogh, Peter"]
[Black "Vitek, Matej"]
[Result "1/2-1/2"]
[WhiteElo "2131"]
[BlackElo "1958"]
[PlyCount "55"]
[EventDate "2016.10.08"]
[EventType "team-tourn"]
[EventRounds "11"]
[EventCountry "SVK"]
[SourceTitle "EXT 2018"]
[Source "ChessBase"]
[SourceDate "2017.10.13"]
[SourceVersion "1"]
[SourceVersionDate "2017.10.13"]
[SourceQuality "1"]
[WhiteTeam "Komarno"]
[BlackTeam "Surany Lokomotiva"]
[WhiteTeamCountry "SVK"]
[BlackTeamCountry "SVK"]

1. e4 e6 2. d4 d5 3. Nc3 Bb4 4. e5 Ne7 5. a3 Bxc3+ 6. bxc3 c5 7. Qg4 Qc7 8. Qxg7 Rg8 9. Qxh7 cxd4 10. Ne2 dxc3 11. Qd3 Qxe5 12. Qxc3 Nbc6 13. Qxe5 Nxe5 14. h4 f6 15. h5 Bd7 16. h6 Kf7 17. Nd4 Ba4 18. Rb1 N5c6 19. Nxc6 Bxc6 20. Bb5 Bxb5 21. Rxb5 b6 22. h7 Rh8 23. Bb2 Rac8 24. g4 Kg6 25. g5 Rxh7 26. Rxh7 Kxh7 27. Bxf6 Nf5 28. Rb2 1/2-1/2

[Event "SVK-chT2B 1617"]
[Site "Slovakia"]
[Date "2016.10.09"]
[Round "2.6"]
[White "Vitek, Matej"]
[Black "Geffert, Peter"]
[Result "1-0"]
[WhiteElo "1958"]
[BlackElo "1900"]
[PlyCount "77"]
[EventDate "2016.10.08"]
[EventType "team-tourn"]
[EventRounds "11"]
[EventCountry "SVK"]
[SourceTitle "CBM 175 Extra"]
[Source "ChessBase"]
[SourceDate "2016.12.12"]
[SourceVersion "1"]
[SourceVersionDate "2016.12.12"]
[SourceQuality "1"]
[WhiteTeam "Surany Lokomotiva"]
[BlackTeam "Levice"]
[WhiteTeamCountry "SVK"]
[BlackTeamCountry "SVK"]

1. d4 d5 2. Nf3 e6 3. e3 Nf6 4. Bd3 Be7 5. 0-0 0-0 6. b3 Nbd7 7. Bb2 b6 8. Nbd2 Bb7 9. Ne5 c6 10. f4 c5 11. g4 Ne4 12. Nxe4 dxe4 13. Bb5 Nxe5 14. dxe5 Qxd1 15. Raxd1 Rad8 16. Kg2 a6 17. Be2 Rxd1 18. Rxd1 Rd8 19. Rxd8+ Bxd8 20. Kg3 g6 21. a4 a5 22. Bc4 Kf8 23. h4 Bd5 24. Bxd5 exd5 25. c4 dxc4 26. bxc4 Ke7 27. f5 Bc7 28. Kf4 Bd8 29. h5 Kd7 30. Kxe4 Bg5 31. Bc3 Bh6 32. Be1 Bg5 33. Bg3 Bd8 34. Kd5 g5 35. e6+ fxe6+ 36. fxe6+ Ke7 37. Bd6+ Kf6 38. e4 h6 39. e5+ 1-0

[Event "SVK-chT2B 1516"]
[Site "Slovakia"]
[Date "2016.03.13"]
[Round "11.3"]
[White "Gavalec, Patrik"]
[Black "Vitek, Matej"]
[Result "0-1"]
[WhiteElo "1117"]
[BlackElo "1926"]
[PlyCount "54"]
[EventDate "2015.10.17"]
[EventType "team-tourn"]
[EventRounds "11"]
[EventCountry "SVK"]
[SourceTitle "EXT 2019"]
[Source "ChessBase"]
[SourceDate "2018.10.10"]
[SourceVersion "1"]
[SourceVersionDate "2018.10.10"]
[SourceQuality "1"]
[WhiteTeam "Topolciansky CVC"]
[BlackTeam "Surany Lokomotiva"]
[WhiteTeamCountry "SVK"]
[BlackTeamCountry "SVK"]

1. d4 d5 2. c4 c6 3. Nc3 e6 4. Nf3 dxc4 5. a4 Bb4 6. e3 b5 7. axb5 cxb5 8. Bd2 Bxc3 9. Bxc3 Bb7 10. b3 a5 11. bxc4 b4 12. Bd2 Nf6 13. Bd3 Nbd7 14. 0-0 0-0 15. Re1 e5 16. Nxe5 Nxe5 17. dxe5 Qxd3 18. exf6 Rfd8 19. Qg4 Qg6 20. Qxg6 hxg6 21. Rad1 gxf6 22. Bc1 a4 23. Bb2 Kg7 24. Kf1 a3 25. Bd4 b3 26. Ra1 Ba6 27. Rec1 b2 0-1

[Event "SVK-chT2B 1415"]
[Site "Slovakia"]
[Date "2015.02.01"]
[Round "7.8"]
[White "Gono, Michal"]
[Black "Vitek, Matej"]
[Result "1/2-1/2"]
[WhiteElo "1922"]
[BlackElo "1810"]
[PlyCount "50"]
[EventDate "2014.10.11"]
[EventType "team-tourn"]
[EventRounds "11"]
[EventCountry "SVK"]
[SourceTitle "EXT 2019"]
[Source "ChessBase"]
[SourceDate "2018.10.10"]
[SourceVersion "1"]
[SourceVersionDate "2018.10.10"]
[SourceQuality "1"]
[WhiteTeam "Nitra ASK"]
[BlackTeam "Surany Lokomotiva"]
[WhiteTeamCountry "SVK"]
[BlackTeamCountry "SVK"]

1. d4 d5 2. Bf4 Nf6 3. e3 e6 4. Nf3 Bd6 5. Bg3 b6 6. c3 0-0 7. Nbd2 Ba6 8. Bxa6 Nxa6 9. Qe2 Nb8 10. e4 dxe4 11. Nxe4 Nxe4 12. Qxe4 Nd7 13. 0-0 Nf6 14. Qh4 Nd5 15. Qe4 Nf6 16. Qe2 Qe7 17. Ne5 Bxe5 18. Qxe5 Rac8 19. Bh4 Rfd8 20. f4 Rd5 21. Qe2 c5 22. Bxf6 Qxf6 23. dxc5 Rcxc5 24. Rad1 Qd8 25. g3 g6 1/2-1/2

[Event "SVK-chT2B 1314"]
[Site "Slovakia"]
[Date "2014.01.11"]
[Round "5.2"]
[White "Vitek, Matej"]
[Black "Becko, Frantisek"]
[Result "1/2-1/2"]
[WhiteElo "1764"]
[BlackElo "1894"]
[PlyCount "32"]
[EventDate "2013.10.19"]
[EventType "team-tourn"]
[EventRounds "11"]
[EventCountry "SVK"]
[SourceTitle "EXT 2015"]
[Source "ChessBase"]
[SourceDate "2014.11.20"]
[SourceVersion "1"]
[SourceVersionDate "2014.11.20"]
[SourceQuality "1"]
[WhiteTeam "Surany"]
[BlackTeam "Sala"]
[WhiteTeamCountry "SVK"]
[BlackTeamCountry "SVK"]

1. b3 e5 2. Bb2 Nc6 3. e3 Nf6 4. Bb5 d6 5. d4 exd4 6. Qxd4 Bd7 7. Bxc6 Bxc6 8. Nf3 Be4 9. Qd2 Be7 10. Nc3 Bxf3 11. gxf3 Qd7 12. Rg1 Qf5 13. 0-0-0 Rg8 14. Nd5 Nxd5 15. Qxd5 Qxd5 16. Rxd5 g6 1/2-1/2

[Event "SVK-chT2B 1314"]
[Site "Slovakia"]
[Date "2013.11.24"]
[Round "4.8"]
[White "Vitek, Matej"]
[Black "Kubrican, Anton"]
[Result "0-1"]
[WhiteElo "1764"]
[BlackElo "1925"]
[PlyCount "126"]
[EventDate "2013.10.19"]
[EventType "team-tourn"]
[EventRounds "11"]
[EventCountry "SVK"]
[SourceTitle "EXT 2015"]
[Source "ChessBase"]
[SourceDate "2014.11.20"]
[SourceVersion "1"]
[SourceVersionDate "2014.11.20"]
[SourceQuality "1"]
[WhiteTeam "Surany"]
[BlackTeam "Topolcany"]
[WhiteTeamCountry "SVK"]
[BlackTeamCountry "SVK"]

1. d4 g6 2. Nf3 Bg7 3. Bf4 d6 4. Nc3 Nf6 5. h3 Nbd7 6. e4 c5 7. Bh2 cxd4 8. Nxd4 Qb6 9. Nb3 Nc5 10. Bb5+ Nfd7 11. Qf3 0-0 12. Bxd7 Nxb3 13. axb3 Bxd7 14. 0-0 Bc6 15. Qe2 Rac8 16. Bf4 a6 17. Be3 Qc7 18. f3 Rfd8 19. Qf2 Qd7 20. Bb6 Rf8 21. Bd4 e5 22. Bb6 f5 23. Qd2 fxe4 24. fxe4 Rxf1+ 25. Rxf1 Rf8 26. Rd1 Rf6 27. Nd5 Bxd5 28. Qxd5+ Qf7 29. Qd3 Bf8 30. Be3 h6 31. Qd2 Kh7 32. Qe2 Kg7 33. Qd2 Kh7 34. Qc3 g5 35. Qc8 Kg6 36. Qg4 Qe6 37. Qg3 Be7 38. h4 Rf7 39. h5+ Kxh5 40. Kh2 Qg4 41. Rd3 Bf8 42. Qxg4+ Kxg4 43. Rc3 h5 44. Kg1 h4 45. Rc8 Kh5 46. c4 g4 47. c5 dxc5 48. Re8 Bg7 49. Bxc5 Rd7 50. g3 Rd1+ 51. Kg2 Rd2+ 52. Kh1 Rd3 53. Re7 Bf6 54. Re6 Rf3 55. Bd6 hxg3 56. Bxe5 Bxe5 57. Rxe5+ Kh4 58. b4 Rb3 59. Re7 Rxb4 60. Rh7+ Kg5 61. Kg2 Rxb2+ 62. Kxg3 Rb3+ 63. Kg2 Kf4 0-1

[Event "SVK-chT2B 1314"]
[Site "Slovakia"]
[Date "2013.10.19"]
[Round "1.7"]
[White "Vitek, Matej"]
[Black "Mejsnar, Miroslav"]
[Result "0-1"]
[WhiteElo "1764"]
[BlackElo "1875"]
[PlyCount "60"]
[EventDate "2013.10.19"]
[EventType "team-tourn"]
[EventRounds "11"]
[EventCountry "SVK"]
[SourceTitle "EXT 2015"]
[Source "ChessBase"]
[SourceDate "2014.11.20"]
[SourceVersion "1"]
[SourceVersionDate "2014.11.20"]
[SourceQuality "1"]
[WhiteTeam "Surany"]
[BlackTeam "Povazska Bystrica III"]
[WhiteTeamCountry "SVK"]
[BlackTeamCountry "SVK"]

1. d4 d5 2. Nf3 Nf6 3. e3 g6 4. c4 c6 5. Nc3 Bg7 6. cxd5 cxd5 7. Bb5+ Bd7 8. Qb3 Qb6 9. Bxd7+ Nbxd7 10. Nxd5 Nxd5 11. Qxd5 Qb4+ 12. Nd2 Rc8 13. a3 Qb6 14. 0-0 Rc7 15. Qb3 Qa6 16. Nf3 0-0 17. Bd2 e5 18. dxe5 Nxe5 19. Nxe5 Bxe5 20. Rac1 Rxc1 21. Bxc1 Bxh2+ 22. Kxh2 Qxf1 23. Qc2 Rd8 24. e4 Qd3 25. Qa4 Qd6+ 26. g3 Qd4 27. Qc2 Re8 28. f3 Qf6 29. Kg2 Qc6 30. Qd2 Rc8 0-1

[Event "SVK-ch op"]
[Site "Banska Stiavnica"]
[Date "2013.07.07"]
[Round "2"]
[White "Vitek, Matej"]
[Black "Bango, Dominik"]
[Result "1-0"]
[WhiteElo "1771"]
[BlackElo "1337"]
[PlyCount "69"]
[EventDate "2013.07.06"]
[EventType "swiss"]
[EventRounds "9"]
[EventCountry "SVK"]
[SourceTitle "CBM 155 Extra"]
[Source "ChessBase"]
[SourceDate "2013.08.26"]
[SourceVersion "1"]
[SourceVersionDate "2013.08.26"]
[SourceQuality "1"]

1. d4 d6 2. Nf3 g6 3. c4 Bg7 4. Nc3 e6 5. e3 Ne7 6. Be2 0-0 7. b3 b6 8. Bb2 Bb7 9. Qc2 c5 10. Rd1 Qc7 11. 0-0 a6 12. Rd2 Rd8 13. Rfd1 Nbc6 14. a3 Rd7 15. dxc5 dxc5 16. Rxd7 Qc8 17. R7d2 Qc7 18. Ne4 Rd8 19. Rxd8+ Nxd8 20. Nf6+ Kh8 21. Rd7 Qc8 22. Rxe7 Bc6 23. Re8+ Bxe8 24. Nxe8 e5 25. Nxg7 Kxg7 26. Nxe5 f6 27. Ng4 Kf8 28. Qc3 Qd7 29. Nxf6 Qg7 30. Qe5 Qe7 31. Qd5 Qe6 32. Qxd8+ Kf7 33. Bf3 Qf5 34. Bd5+ Kg7 35. Ng4+ 1-0

[Event "SVK-chT2B 1213"]
[Site "Slovakia"]
[Date "2013.02.17"]
[Round "9.3"]
[White "Vitek, Matej"]
[Black "Novotny, Michal1"]
[Result "0-1"]
[WhiteElo "1763"]
[BlackElo "1985"]
[PlyCount "108"]
[EventDate "2012.10.13"]
[EventType "team-tourn"]
[EventRounds "11"]
[EventCountry "SVK"]
[SourceTitle "EXT 2015"]
[Source "ChessBase"]
[SourceDate "2014.11.20"]
[SourceVersion "1"]
[SourceVersionDate "2014.11.20"]
[SourceQuality "1"]
[WhiteTeam "Surany"]
[BlackTeam "Tlmace"]
[WhiteTeamCountry "SVK"]
[BlackTeamCountry "SVK"]

1. Nf3 d5 2. d4 Nf6 3. e3 g6 4. c4 Bg7 5. Nc3 0-0 6. cxd5 Nxd5 7. Bc4 c6 8. 0-0 Nb6 9. Bb3 Bg4 10. h3 Bxf3 11. Qxf3 N8d7 12. Rd1 Qc7 13. e4 Rad8 14. Be3 c5 15. Rac1 a6 16. dxc5 Ne5 17. Qg3 Nc8 18. Nd5 Qc6 19. Bg5 Rde8 20. Qe3 Nd7 21. Nb6 Ndxb6 22. cxb6 Qxb6 23. Qxb6 Nxb6 24. Rc7 Nc8 25. Rxb7 h6 26. Bf4 Kh7 27. e5 Kg8 28. Rc1 g5 29. Bg3 Rd8 30. f4 gxf4 31. Bxf4 Rd4 32. Bg3 a5 33. Rbc7 a4 34. Bxf7+ Kxf7 35. Rxc8 Rxc8 36. Rxc8 h5 37. h4 Rd2 38. Ra8 Rxb2 39. Rxa4 Bh6 40. e6+ Kf6 41. Ra5 Be3+ 42. Kh2 Kg6 43. Re5 Bh6 44. a4 Ra2 45. a5 Ra4 46. Rd5 Be3 47. Rd3 Bc5 48. Be1 Re4 49. Rd5 Bd6+ 50. Bg3 Rxh4+ 51. Kg1 Bxg3 52. Rd3 Bd6 53. Rd5 Ra4 54. Kf1 h4 0-1

[Event "SVK-chT2B 1112"]
[Site "Slovakia"]
[Date "2012.01.07"]
[Round "7.6"]
[White "Kuna, Marian"]
[Black "Vitek, Matej"]
[Result "1/2-1/2"]
[WhiteElo "1912"]
[BlackElo "1703"]
[PlyCount "60"]
[EventDate "2011.10.08"]
[EventType "team-tourn"]
[EventRounds "11"]
[EventCountry "SVK"]
[SourceTitle "EXT 2013"]
[Source "ChessBase"]
[SourceDate "2012.11.22"]
[SourceVersion "1"]
[SourceVersionDate "2012.11.22"]
[SourceQuality "1"]
[WhiteTeam "Nitra NSK"]
[BlackTeam "Surany Lokomotiva"]
[WhiteTeamCountry "SVK"]
[BlackTeamCountry "SVK"]

1. Nf3 d5 2. b3 Nf6 3. Bb2 Nc6 4. e3 e6 5. c4 Bd6 6. d4 dxc4 7. Bxc4 a6 8. 0-0 b5 9. Be2 Bb7 10. Nbd2 Ne7 11. Rc1 Rc8 12. a4 c6 13. Ne5 Bxe5 14. dxe5 Nfd5 15. Ne4 0-0 16. Nc5 Qc7 17. e4 Nf4 18. Bg4 Rcd8 19. Qc2 h5 20. Bf3 h4 21. h3 b4 22. Rfd1 a5 23. Nxb7 Qxb7 24. Bd4 Rfe8 25. Bg4 Qc7 26. Qc5 Rd7 27. Be3 Nd3 28. Qb6 Nxc1 29. Qxc7 Rxc7 30. Rxc1 Ra8 1/2-1/2

[Event "SVK-chT2B 10/11"]
[Site "Slovakia"]
[Date "2010.12.04"]
[Round "3.5"]
[White "Vitek, Matej"]
[Black "Svonavec, Stefan"]
[Result "0-1"]
[WhiteElo "1688"]
[BlackElo "2021"]
[PlyCount "130"]
[EventDate "2010.10.23"]
[EventType "team-tourn"]
[EventRounds "11"]
[EventCountry "SVK"]
[SourceTitle "EXT 2019"]
[Source "ChessBase"]
[SourceDate "2018.10.10"]
[SourceVersion "1"]
[SourceVersionDate "2018.10.10"]
[SourceQuality "1"]
[WhiteTeam "Surany Lokomotiva"]
[BlackTeam "Levice"]
[WhiteTeamCountry "SVK"]
[BlackTeamCountry "SLO"]

1. e4 e6 2. d4 d5 3. exd5 exd5 4. Bd3 Bd6 5. Ne2 c5 6. dxc5 Bxc5 7. Nbc3 Ne7 8. 0-0 0-0 9. Na4 Bd6 10. Bf4 Nbc6 11. Bxd6 Qxd6 12. Nac3 a6 13. Ng3 Ne5 14. Re1 Nxd3 15. Qxd3 Be6 16. Nce2 Nc6 17. Nd4 Rfe8 18. Ngf5 Bxf5 19. Nxf5 Qf6 20. c3 Re5 21. Ne3 Rae8 22. Red1 Qg5 23. Nxd5 Re2 24. Rab1 h5 25. h3 h4 26. a3 R8e6 27. Nb4 Qf4 28. Qf3 Qxf3 29. gxf3 Ne5 30. Kg2 Nc4 31. Rd8+ Kh7 32. Nd3 Nd2 33. Rd1 Rg6+ 34. Kh1 Rf6 35. f4 Ne4 36. Kg2 Rc2 37. Rd5 Kh6 38. Re5 Rg6+ 39. Kh1 Nxf2+ 40. Nxf2 Rxf2 41. f5 Rg3 42. Rd6+ f6 43. Re4 Rxh3+ 44. Kg1 Rxf5 45. Rb4 Rg5+ 46. Kf1 Rh1+ 47. Kf2 h3 48. Rh4+ Kg6 49. Rd3 Rg2+ 50. Kf3 Rf1+ 51. Ke4 h2 52. Rdh3 Rxb2 53. Rxh2 Rxh2 54. Rxh2 Ra1 55. Rg2+ Kf7 56. Rb2 b5 57. Rb3 g5 58. Kf3 Rf1+ 59. Kg4 Kg6 60. Kg3 Rf4 61. Rb2 Rc4 62. Rc2 f5 63. Kg2 g4 64. Rd2 Kg5 65. Rc2 f4 0-1